Jednominutowy sprint Stolic Europy (z mapą) - Statystyki

Ogólne statystyki
  • Ten quiz został rozwiązany 125 razy
  • Średni wynik to 21 z 45
Odpowiedzi na mapie
Odpowiedzi zakodowano w zielono-czerwonej skali na mapie do tego quizu, zgodnie z poniższymi procentami.
 
Statystyki odpowiedzi
Stolice % Poprawnych
Warszawa
93%
Berlin
83%
Oslo
79%
Kijów
76%
Londyn
76%
Madryt
76%
Moskwa
74%
Paryż
74%
Ryga
67%
Wilno
67%
Helsinki
66%
Mińsk
66%
Lizbona
64%
Tallinn
62%
Praga
59%
Dublin
57%
Sztokholm
57%
Amsterdam
55%
Bruksela
52%
Rzym
52%
Andora
48%
Bukareszt
48%
Reykjavik
48%
Kopenhaga
47%
Monako
45%
Watykan
45%
Budapeszt
43%
San Marino
41%
Ateny
38%
Vaduz
36%
Valletta
36%
Berno
34%
Wiedeń
34%
Luksemburg
33%
Kiszyniów
31%
Bratysława
26%
Belgrad
24%
Lublana
19%
Zagrzeb
19%
Podgorica
16%
Sarajewo
16%
Sofia
16%
Prisztina
14%
Tirana
14%
Skopje
12%
Nie znaleziono quizów pasujących do podanych kryteriów
Rozkład punktacji
Procent ludzi z każdym wynikiem
Percentyl według liczby udzielonych odpowiedzi
Twoja historia wyników
Nie rozwiązałeś tego quizu